000 00667nam a2200241Ia 4500
003 OSt
005 20220923211710.0
006 a|||||r|||| 00| 0
007 ta
008 220922b |||||||| |||| 00| 0 san d
024 _a43,149
037 _cTextual
040 _aARTS
_cARTS
_bsan
041 _2san
_asan
082 _aO15,2D35v, 152K6.1-.2
100 _aभास
_9159533
245 0 _aभासानाटक चक्रम
246 _aBhāsānāṭak chakrama
260 _c1966
650 _aसंस्कृत साहित्य
942 _hO15,2D35v, 152K6.1-.2
_cTEXL
_2CC
999 _c302732
_d302732